Get the Picture: Grass or Bug Moves? Quiz Stats

 Plays Quiz Updated Sep 17, 2019

Score 0/16 Timer 01:30
0 Plays Today
Question Answer Wrong Answers
Petal Dance Grass
80.8%
Bug
9.6%
Infestation Bug
78.8%
Grass
11.9%
Aromatherapy Grass
77.5%
Bug
12.7%
Synthesis Grass
74.3%
Bug
15.5%
Cotton Spore Grass
73.4%
Bug
16.4%
Pin Missile Bug
70.7%
Grass
19.4%
Fury Cutter Bug
70.2%
Grass
19.8%
Leech Life Bug
68.7%
Grass
21.7%
Twineedle Bug
67.8%
Grass
22.2%
Giga Drain Grass
67.6%
Bug
22.4%
String Shot Bug
67.5%
Grass
22.9%
Sleep Powder Grass
65%
Bug
25.1%
Spiky Shield Grass
48%
Bug
42.5%
Powder Bug
42.8%
Grass
47.3%
Horn Leech Grass
32.1%
Bug
58%
Pollen Puff Bug
30.8%
Grass
59.7%

Today's Daily Dose

You're not logged in!

Compare scores with friends on all Sporcle quizzes.
OR
Log In

Sporcle TV

Today on Sporcle TV


Watch our educational content, quiz creation guides, and fun videos on Sporcle TV.

Show Comments

Extras

Top Quizzes Today


Score Distribution

Your Account Isn't Verified!

In order to create a playlist on Sporcle, you need to verify the email address you used during registration. Go to your Sporcle Settings to finish the process.

Report this User

Report this user for behavior that violates our Community Guidelines.

Details: